000 00635nam a2200229Ia 4500
003 OSt
005 20220923225709.0
006 a|||||r|||| 00| 0
007 ta
008 Pun
024 _a273,602
037 _cTextual
040 _aARTS
_cARTS
_bPun
041 _2Pun
_aPun
082 _aO153,2M88:g, M8
100 _aਸਿੰਘ, ਮਨਜੀਤ, ਥਦ.
245 0 _aਸਾਹਿਤਕਾਰ ਮੋਹਨ ਸਿੰਘ ਵੈਦ
260 _c1988
650 _aਪੰਜਾਬੀ ਸਾਹਿਤ
942 _hO153,2M88:g, M8
_cTEXL
_2CC
999 _c379852
_d379852